000 00582cam a22002171 4500
001 sa 66003367
003 DLC
005 20260227112235.0
008 890731s1962 ii 000 0 maro
010 _asa 66003367
035 _a(OCoLC)20103945
040 _aDLC
_cWaU
_dDLC
042 _apremarc
050 0 0 _aPK2418.T8
_bZ9
100 1 _aTulpule, Ganesh Vishnu,
_d1890-
245 1 0 _aTukārāma : bhakticā ḍiṅgorā.
260 _c1962.
300 _a5, 19, 156. 7 p.
_c19 cm.
500 _aIn Marathi.
600 0 0 _aTukārāma,
_dapproximately 1608-approximately 1649.
999 _c68843
_d68843